Fauna acuática amenazada en la Amazonía colombiana : (Registro nro. 6301)

Detalles MARC
000 -CABECERA
Campo de control 01302nam a2200337 i 4500
005 - FECHA Y HORA DE LA ULTIMA TRANSACCION
Campo de control 20200104041608.0
008 - ELEMENTOS DE LONGITUD FIJA—INFORMACION GENERAL
Campo de control 160107s2008 ck ab |r ||| 00|spasda d
040 ## - FUENTE DE CATALOGACIÓN
Agencia catalogadora original CO-BoIAVH
Agencia transcriptora CO-BoIAVH
041 ## - IDIOMA
Código de idioma para texto/pista de sonido o título separado Español
044 ## - PAÍS DE PUBLICACIÓN
País de publicación Colombia
082 04 - NUMERO DE CLASIFICACION DECIMAL DEWEY
Número de clasificación 577.6
Número del ítem T86f
100 1# - ASIENTO PRINCIPAL--NOMBRE PERSONAL
Nombre personal Trujillo, Fernando
9 (RLIN) 366
245 ## - MENCION DE TITULO
Título Fauna acuática amenazada en la Amazonía colombiana :
Parte restante del título Análisis y propuestas para su conservación /
Mención de responsabilidad Fernando Trujillo y (otros tres autores).
260 ## - PUBLICACION, DISTRIBUCION, ETC. (PIE DE IMPRENTA)
Lugar de publicación, distribución, etc. Bogotá :
Nombre del editor, distribuidor, etc. Fundación Omacha :
-- Fundación Natura :
-- Sinchi :
-- Corpoamazonía,
Fecha de publicación, distribución, etc. 2008.
300 ## - DESCRIPCION FISICA
Extensión 150 páginas :
Otros detalles físicos ilustraciones y mapas ;
Dimensiones 24 cm.
650 14 - ASIENTO SECUNDARIO DE MATERIA - TERMINO TEMATICO
Término temático o nombre geográfico como elemento de entrada Fauna de agua dulce
9 (RLIN) 47681
650 24 - ASIENTO SECUNDARIO DE MATERIA - TERMINO TEMATICO
Término temático o nombre geográfico como elemento de entrada Ecología acuática
9 (RLIN) 47682
650 24 - ASIENTO SECUNDARIO DE MATERIA - TERMINO TEMATICO
Término temático o nombre geográfico como elemento de entrada Hábitat acuático
9 (RLIN) 47683
650 24 - ASIENTO SECUNDARIO DE MATERIA - TERMINO TEMATICO
Término temático o nombre geográfico como elemento de entrada Fauna marina
9 (RLIN) 47684
650 24 - ASIENTO SECUNDARIO DE MATERIA - TERMINO TEMATICO
Término temático o nombre geográfico como elemento de entrada Conservación biológica
9 (RLIN) 98
650 24 - ASIENTO SECUNDARIO DE MATERIA - TERMINO TEMATICO
Término temático o nombre geográfico como elemento de entrada Conservación de la naturaleza
9 (RLIN) 97
650 24 - ASIENTO SECUNDARIO DE MATERIA - TERMINO TEMATICO
Término temático o nombre geográfico como elemento de entrada Conservación del hábitat
9 (RLIN) 47687
650 24 - ASIENTO SECUNDARIO DE MATERIA - TERMINO TEMATICO
Término temático o nombre geográfico como elemento de entrada Zoología
Subdivisión general Conservación de especies
9 (RLIN) 47688
650 24 - ASIENTO SECUNDARIO DE MATERIA - TERMINO TEMATICO
Término temático o nombre geográfico como elemento de entrada Conservacón de los recursos acuáticos
9 (RLIN) 47689
662 ## - ASIENTO SECUNDARIO DE MATERIA - JERARQUIA DEL NOMBRE DE LUGAR(
País o entidad mayor Colombia
Jurisdicción política intermedia Amazonía
700 1# - ASIENTO SECUNDARIO - NOMBRE PERSONAL
Nombre personal Alonso, Juan Carlos
Término de relación autor
9 (RLIN) 47690
700 1# - ASIENTO SECUNDARIO - NOMBRE PERSONAL
Nombre personal Diazgranados, María Claudia
Término de relación autor
9 (RLIN) 47691
700 1# - ASIENTO SECUNDARIO - NOMBRE PERSONAL
Nombre personal Gómez, Catalina
Término de relación autor
9 (RLIN) 47692
942 ## - ELEMENTOS ADICIONALES (KOHA)
Tipo de ítem Libro
Sistema de clasificación Dewey Decimal Classification
Koha issues (borrowed), all copies 1
945 ## - PROCESAMIENTO LOCAL
AAAA-MM-DD - Fecha de ingreso o modificacion 2008-06-12
Existencias
Withdrawn status Lost status Sistema de Clasificación Damaged status No para préstamo Colección Inventariado Ubicación Permanente Ubicación actual Fecha de adquisición Fuente de Valor Valor Total Checkouts Número topográfico Inventario / Código de Barras Date last seen Date checked out Ejemplar Price effective from Forma de adquisición Tipo de material
    Dewey Decimal Classification     General Inventariado 2017 Bogotá Bogotá 12/06/2008 Instituto 39000.00 1 LB-577.6 T86f 024164 06/09/2016 06/09/2016 Ej.1 04/12/2012   Libro
    Dewey Decimal Classification     General Inventariado 2017 Bogotá Bogotá 17/03/2009 Instituto 39000.00   LB-577.6 T86f 026637 04/12/2012   Ej. 2 04/12/2012   Libro